01429nam a2200277 a 4500001001000000005001700010008004100027041000800068044000600076084002600082100004500108245012900153260005400282300003600336500013900372500011600511500019800627500003600825500004000861500001400901650005200915650005500967650003401022650004501056740005001101BRCA_238620190320203802.0101108s1905----u--#---###---#000-0#spa-u aspa au a027b.H57c1905 F16151 aCervantes Saavedra, Miguel ded1547-161610aSegunda parte del Ingenioso Cavallero Don Quixote de la Manchacpor Miguel de Cervantes Saavedra, autor de su primera parte. aNueva YorkbThe Hispanic Society of Americac1905 a1 v. (sin paginación)c24 cm. aContenido : Escudo. Tasa. Fe de erratas. Aprovación. Privilegio. Prólogo del autor. Dedicatoria del autor al Conde de Lemos. Texto aFacsímil de : Segunda parte del ingenioso cavallero Don Quixote de la Mancha. Madrid: Juan de la Cuesta, 1615 aFacsímile de la segunda parte de la edición príncipe, por completo igual al LO-027. Ejemplar encuadernado en semipiel roja con florones y filetes dorados en lomo y planos Lúdovik Osterc aCon ex-libris de : H. M. Brower aExistencias : Complementa al LO-005 aQM113 (?)14aNovela españolayÉpoca clásica, 1500-170014aLiteratura españolayÉpoca clásca, 1500-170014aNovela españolaySiglo XVII14aDon Quijote (Personaje ficticio)eNovela0 aEl Ingenioso Hidalgo Don Quijote de la Mancha